Kể chuyện Shakespeare

Đã lưu trong:
书目详细资料
主要作者: Vũ Đình Phòng
格式: 图书
语言:Undetermined
出版: Hà Nội Thanh Niên 1984
主题:
标签: 添加标签
没有标签, 成为第一个标记此记录!
Thư viện lưu trữ: Trung tâm Học liệu Trường Đại học Cần Thơ
LEADER 00458nam a2200169Ia 4500
001 CTU_13897
008 210402s9999 xx 000 0 und d
082 |a 895.9223 
082 |b Ph431 
100 |a Vũ Đình Phòng 
245 0 |a Kể chuyện Shakespeare 
245 0 |c Vũ Đình Phòng 
260 |a Hà Nội 
260 |b Thanh Niên 
260 |c 1984 
650 |a shakespeare 
980 |a Trung tâm Học liệu Trường Đại học Cần Thơ